000 01043cam a2200253 4500
001 WB3738-09
008 011009n2001 000 0 eng u
035 _a(Sirsi) u115036
245 _aConsultants duck responsibility
260 _c2001
490 _aNew Civil Engineer
_v4 October 2001, 5(1)
520 _aLeading property developer, Asda Property, has criticised consultants for failing to accept responsibility for their recommendations and for providing inadequate brownfield site and contaminated land reports. Asda Property commerical manager advised clients to use smaller consultants and called for consultants to be more responsive to client requirements.
590 _aWB
650 _aBROWNFIELD SITES
650 _aSITE INVESTIGATION
650 _aPROPERTY DEVELOPERS
650 _aENVIRONMENTAL REPORTING
650 _aCONTAMINATED LAND
650 _aCONSULTANTS
650 _aENVIRONMENTAL RISK
650 _aASSOCIATION OF CONSULTING ENGINEERS
690 _aENVIRONMENTAL AND LAND CONSULTANCY
942 _n0
999 _c68515
_d68515